[Event "HUN-chT2 Toth 1819"]
[Site "Hungary"]
[Date "2018.10.28"]
[Round "3.8"]
[White "Egyed, Viktoria"]
[Black "Pasztorcsik, Janos"]
[Result "1/2-1/2"]
[WhiteElo "2004"]
[BlackElo "1978"]
[PlyCount "44"]
[EventDate "2018.09.23"]
[EventType "team-tourn"]
[EventRounds "11"]
[EventCountry "HUN"]
[SourceTitle "EXT 2021"]
[Source "ChessBase"]
[SourceDate "2020.10.23"]
[SourceVersion "1"]
[SourceVersionDate "2020.10.23"]
[SourceQuality "1"]
[WhiteTeam "Karcag"]
[BlackTeam "Oroshaza"]
[WhiteTeamCountry "HUN"]
[BlackTeamCountry "HUN"]

1. e4 c5 2. c3 d6 3. d4 cxd4 4. cxd4 Nf6 5. Nc3 g6 6. Nf3 Bg7 7. h3 0-0 8. Bc4 b6 9. 0-0 Bb7 10. Re1 Nc6 11. a3 Rc8 12. Ba2 a6 13. Bg5 h6 14. Be3 Na5 15. Qd3 Kh7 16. Rad1 b5 17. Bc1 Nc4 18. b3 Nb6 19. Bb1 Qc7 20. Bd2 e5 21. Rc1 Qb8 22. d5 Nbd7 1/2-1/2

[Event "HUN-chT2 Toth 1718"]
[Site "Hungary"]
[Date "2018.03.25"]
[Round "10.5"]
[White "Nagy, Jozsef"]
[Black "Egyed, Viktoria"]
[Result "1-0"]
[WhiteElo "1854"]
[BlackElo "1992"]
[PlyCount "125"]
[EventDate "2017.09.24"]
[EventType "team-tourn"]
[EventRounds "11"]
[EventCountry "HUN"]
[SourceTitle "EXT 2021"]
[Source "ChessBase"]
[SourceDate "2020.10.23"]
[SourceVersion "1"]
[SourceVersionDate "2020.10.23"]
[SourceQuality "1"]
[WhiteTeam "Felegyhaza Csongrad"]
[BlackTeam "Karcag"]
[WhiteTeamCountry "HUN"]
[BlackTeamCountry "HUN"]

1. d4 d5 2. Nf3 e6 3. e3 c5 4. c4 Nf6 5. Nc3 Nc6 6. a3 cxd4 7. Nxd4 Bd6 8. cxd5 exd5 9. Be2 0-0 10. Bf3 Bb8 11. 0-0 Re8 12. Qb3 Na5 13. Qc2 Qd6 14. g3 Bh3 15. Rd1 Qe5 16. b4 Nc6 17. Bb2 Qg5 18. Nxc6 bxc6 19. Ne2 Be5 20. Nd4 Rac8 21. Rac1 h5 22. Bg2 Bxg2 23. Kxg2 Qg4 24. h3 Qd7 25. Nb3 Qe7 26. Bxe5 Qxe5 27. Nc5 Qg5 28. Rd4 Kf8 29. Re1 Qe5 30. Qd2 Rc7 31. Rc1 Qf5 32. Qc2 Qe5 33. Qd1 Qf5 34. Qf3 Qxf3+ 35. Kxf3 Re5 36. g4 h4 37. Kf4 Rce7 38. Nd3 g5+ 39. Kf3 R5e6 40. Nc5 Re5 41. Nb3 R5e6 42. Rd2 Ne4 43. Rdc2 Rf6+ 44. Kg2 Ke8 45. Nd4 Rc7 46. f3 Nd6 47. Rxc6 Rxc6 48. Rxc6 Ke7 49. Rc7+ Ke8 50. Rxa7 Nc4 51. Nf5 Re6 52. Kf2 Rc6 53. Nd4 Rc8 54. b5 Nb6 55. Nc6 Nd7 56. a4 Nb8 57. Nxb8 Rxb8 58. Rc7 Ra8 59. b6 Rxa4 60. b7 Ra2+ 61. Ke1 Rb2 62. Rc8+ Kd7 63. b8Q 1-0

[Event "HUN-chT2 Toth 1718"]
[Site "Hungary"]
[Date "2017.10.29"]
[Round "3.5"]
[White "Kiss, Balazs Janos"]
[Black "Egyed, Viktoria"]
[Result "1/2-1/2"]
[WhiteElo "1945"]
[BlackElo "1992"]
[PlyCount "95"]
[EventDate "2017.09.24"]
[EventType "team-tourn"]
[EventRounds "11"]
[EventCountry "HUN"]
[SourceTitle "EXT 2021"]
[Source "ChessBase"]
[SourceDate "2020.10.23"]
[SourceVersion "1"]
[SourceVersionDate "2020.10.23"]
[SourceQuality "1"]
[WhiteTeam "Szeged Meritum"]
[BlackTeam "Karcag"]
[WhiteTeamCountry "HUN"]
[BlackTeamCountry "HUN"]

1. d4 d5 2. Nf3 e6 3. Bf4 c5 4. e3 Nc6 5. c3 Nf6 6. Nbd2 a6 7. Bd3 c4 8. Bc2 Be7 9. e4 0-0 10. Ne5 Nd7 11. Ndf3 Ndxe5 12. Nxe5 f6 13. Nxc6 bxc6 14. 0-0 Qe8 15. Re1 Qf7 16. Qe2 Bd7 17. Ba4 Rfe8 18. b3 cxb3 19. Bxb3 Kh8 20. c4 Bb4 21. Bd2 Bd6 22. Qf3 dxe4 23. Qxe4 Qh5 24. h3 e5 25. Rad1 f5 26. Qd3 e4 27. Qe2 Qg6 28. Bc2 Re7 29. Bc3 Rae8 30. c5 Bb8 31. Qxa6 e3 32. Qd3 exf2+ 33. Kxf2 Bg3+ 34. Kf1 Bxe1 35. Rxe1 Rxe1+ 36. Bxe1 Qe6 37. Bg3 Qxa2 38. Be5 Qf7 39. Kg1 Be6 40. g4 Bc4 41. Qxf5 Qxf5 42. Bxf5 Bd5 43. h4 Kg8 44. h5 Ra8 45. Kf2 Ra3 46. Ke2 Rh3 47. Kf2 h6 48. Bd7 1/2-1/2

[Event "HUN-chT U18"]
[Site "Hajduboszormeny"]
[Date "2016.11.05"]
[Round "7.17"]
[White "Egyed, Viktoria"]
[Black "Gombocz, Ferenc Jr"]
[Result "1-0"]
[WhiteElo "1943"]
[BlackElo "2064"]
[PlyCount "81"]
[EventDate "2016.11.02"]
[EventType "team-swiss"]
[EventRounds "8"]
[EventCountry "HUN"]
[SourceTitle "CBM 175 Extra"]
[Source "ChessBase"]
[SourceDate "2016.12.12"]
[SourceVersion "1"]
[SourceVersionDate "2016.12.12"]
[SourceQuality "1"]

1. e4 e5 2. Bc4 Nf6 3. d3 c6 4. Bb3 d5 5. Nd2 Bg4 6. Ngf3 Nbd7 7. 0-0 Be7 8. h3 Bh5 9. Re1 0-0 10. c3 Nc5 11. Bc2 dxe4 12. dxe4 Re8 13. Qe2 Bf8 14. Nf1 Bg6 15. Ng3 Qc7 16. Nh4 Ne6 17. Qf3 Nf4 18. Nxg6 Nxg6 19. Bg5 Nd7 20. Bb3 Nc5 21. Rad1 Nxb3 22. axb3 h6 23. Be3 Rad8 24. b4 b6 25. Nf5 c5 26. bxc5 Bxc5 27. Bxc5 Qxc5 28. h4 Kh7 29. Qg4 Qf8 30. g3 Ne7 31. Nd6 Nc6 32. Nxe8 Qxe8 33. Rxd8 Nxd8 34. Rd1 Qe6 35. Qxe6 Nxe6 36. Rd7 f6 37. Rxa7 Nc5 38. f3 Nd3 39. b4 Nc1 40. Kf1 b5 41. Ra5 1-0

[Event "HUN-chT U18"]
[Site "Hajduboszormeny"]
[Date "2016.11.04"]
[Round "4.11"]
[White "Egyed, Viktoria"]
[Black "Borhy, Marcell Boldizsar"]
[Result "1/2-1/2"]
[WhiteElo "1962"]
[BlackElo "2106"]
[PlyCount "103"]
[EventDate "2016.11.02"]
[EventType "team-swiss"]
[EventRounds "8"]
[EventCountry "HUN"]
[SourceTitle "CBM 175 Extra"]
[Source "ChessBase"]
[SourceDate "2016.12.12"]
[SourceVersion "1"]
[SourceVersionDate "2016.12.12"]
[SourceQuality "1"]

1. e4 d5 2. exd5 Nf6 3. Nf3 Nxd5 4. d4 g6 5. Be2 Bg7 6. 0-0 0-0 7. Na3 Nc6 8. c3 Bf5 9. Re1 Re8 10. Bg5 h6 11. Bd2 e5 12. dxe5 Nxe5 13. Nxe5 Rxe5 14. Bf3 Rxe1+ 15. Qxe1 c6 16. Rd1 Qb6 17. Bc1 Nf6 18. h3 Re8 19. Qf1 Qc7 20. Nc4 Re6 21. a3 g5 22. Ne3 Bg6 23. Qc4 Nd7 24. Bg4 Ne5 25. Qa4 Nxg4 26. Qxg4 Qe7 27. Kf1 h5 28. Qa4 Kh7 29. Qa5 b6 30. Qa4 f5 31. Bd2 f4 32. Nc2 c5 33. Ne1 Re4 34. Qc6 g4 35. Qc8 Bf7 36. Qf5+ Bg6 37. Qc8 Bf7 38. Qf5+ Bg6 39. Qc8 Qg5 40. g3 Bf5 41. Qc7 gxh3 42. Bxf4 Qe7 43. Qxe7 Rxe7 44. Nf3 Bg4 45. Ng5+ Kg6 46. Rd6+ Bf6 47. f3 Bf5 48. Kf2 Kg7 49. Rd5 Kg6 50. Rd6 Kg7 51. Rd5 Kg6 52. Rd6 1/2-1/2

[Event "HUN-chT U18"]
[Site "Hajduboszormeny"]
[Date "2016.11.03"]
[Round "2.5"]
[White "Egyed, Viktoria"]
[Black "Karacsonyi, Gellert"]
[Result "1/2-1/2"]
[WhiteElo "1962"]
[BlackElo "1961"]
[PlyCount "96"]
[EventDate "2016.11.02"]
[EventType "team-swiss"]
[EventRounds "8"]
[EventCountry "HUN"]
[SourceTitle "CBM 175 Extra"]
[Source "ChessBase"]
[SourceDate "2016.12.12"]
[SourceVersion "1"]
[SourceVersionDate "2016.12.12"]
[SourceQuality "1"]

1. e4 c5 2. c3 Nf6 3. e5 Nd5 4. d4 cxd4 5. cxd4 e6 6. Nf3 d6 7. Bc4 Nb6 8. Bb5+ Bd7 9. Bxd7+ N8xd7 10. 0-0 dxe5 11. dxe5 Be7 12. Nc3 0-0 13. Qe2 Qc7 14. Bf4 Qc4 15. Qxc4 Nxc4 16. b3 Ncb6 17. Nb5 Nd5 18. Bg3 Rfc8 19. Rac1 a6 20. Nd6 Bxd6 21. exd6 f6 22. h3 Kf7 23. Nd2 Nc3 24. Kh2 Nxa2 25. Rc7 Rxc7 26. dxc7 e5 27. f4 Ke6 28. fxe5 fxe5 29. Bh4 Nf6 30. Nc4 Rc8 31. Re1 Rxc7 32. Rxe5+ Kf7 33. Nd6+ Kf8 34. Bxf6 gxf6 35. Re8+ Kg7 36. Rb8 Rd7 37. Nxb7 Nc1 38. Nc5 Rd6 39. Rb7+ Kg6 40. Rb4 h5 41. Ra4 Rb6 42. b4 Ne2 43. Nxa6 Nc3 44. Ra3 Nd5 45. Ra4 Nc3 46. Ra3 Nd5 47. Ra4 Nc3 48. Ra3 Nd5 1/2-1/2

[Event "HUN-chT U18"]
[Site "Hajduboszormeny"]
[Date "2016.11.02"]
[Round "1.23"]
[White "Molnar, Adam"]
[Black "Egyed, Viktoria"]
[Result "0-1"]
[WhiteElo "1555"]
[BlackElo "1962"]
[PlyCount "96"]
[EventDate "2016.11.02"]
[EventType "team-swiss"]
[EventRounds "8"]
[EventCountry "HUN"]
[SourceTitle "CBM 175 Extra"]
[Source "ChessBase"]
[SourceDate "2016.12.12"]
[SourceVersion "1"]
[SourceVersionDate "2016.12.12"]
[SourceQuality "1"]

1. e4 c5 2. Nf3 e6 3. c4 Nc6 4. Nc3 d6 5. g3 Nf6 6. d3 Be7 7. Bg2 0-0 8. 0-0 Rb8 9. b3 a6 10. a4 Re8 11. Re1 e5 12. Ba3 Bg4 13. Ne2 Qc8 14. Qd2 b5 15. axb5 axb5 16. Bb2 Qd7 17. Ra2 Nb4 18. Ra3 Rb7 19. Rea1 Reb8 20. Ra8 h6 21. Rxb8+ Rxb8 22. Bc3 bxc4 23. bxc4 Nh7 24. Rb1 Nc6 25. Rxb8+ Nxb8 26. Qb2 Nc6 27. Bd2 f5 28. Nc3 fxe4 29. dxe4 Nf6 30. Nh4 Nd4 31. f3 Be6 32. Nd5 Nxd5 33. exd5 Bf7 34. f4 Bxh4 35. gxh4 Ne2+ 36. Kf2 Nxf4 37. Bxf4 exf4 38. Kf3 Bh5+ 39. Kxf4 Bg6 40. Ke3 Kh7 41. Qf2 Qg4 42. Bf1 Qd4+ 43. Kf3 Be4+ 44. Kg3 Qc3+ 45. Kf4 Qe5+ 46. Ke3 Bxd5+ 47. Kd2 Qb2+ 48. Ke1 Qc1+ 0-1

[Event "EU-ch U18 Girls 26th"]
[Site "Prague"]
[Date "2016.08.27"]
[Round "9"]
[White "Egyed, Viktoria"]
[Black "Naghiyeva, Khayala Aghasif Q"]
[Result "1-0"]
[WhiteElo "2007"]
[BlackElo "1663"]
[PlyCount "41"]
[EventDate "2016.08.18"]
[EventType "swiss"]
[EventRounds "9"]
[EventCountry "CZE"]
[SourceTitle "CBM 174 Extra"]
[Source "ChessBase"]
[SourceDate "2016.10.10"]
[SourceVersion "1"]
[SourceVersionDate "2016.10.10"]
[SourceQuality "1"]

1. e4 c5 2. c3 d5 3. exd5 Qxd5 4. d4 Nc6 5. Nf3 Bg4 6. Be2 cxd4 7. cxd4 e6 8. Nc3 Qa5 9. 0-0 Nf6 10. h3 Bh5 11. Be3 Be7 12. a3 0-0 13. Re1 Rac8 14. Qb3 Qc7 15. Rad1 Rfd8 16. g4 Bg6 17. Bg5 Nd5 18. Nxd5 Rxd5 19. Bxe7 Qxe7 20. Bb5 Na5 21. Qxd5 1-0

[Event "EU-ch U18 Girls 26th"]
[Site "Prague"]
[Date "2016.08.18"]
[Round "1"]
[White "Reid, Caitlin"]
[Black "Egyed, Viktoria"]
[Result "0-1"]
[WhiteElo "1439"]
[BlackElo "2007"]
[PlyCount "70"]
[EventDate "2016.08.18"]
[EventType "swiss"]
[EventRounds "9"]
[EventCountry "CZE"]
[SourceTitle "CBM 174 Extra"]
[Source "ChessBase"]
[SourceDate "2016.10.10"]
[SourceVersion "1"]
[SourceVersionDate "2016.10.10"]
[SourceQuality "1"]

1. e4 c5 2. Nf3 e6 3. c3 Nc6 4. d4 cxd4 5. cxd4 Nf6 6. Bd3 Be7 7. 0-0 0-0 8. a3 d6 9. e5 Nd5 10. Qc2 h6 11. Nbd2 Nf4 12. Bc4 Ng6 13. Bd3 Nf4 14. Bc4 dxe5 15. dxe5 Ng6 16. Re1 Qc7 17. Qe4 Rd8 18. Bd3 Bc5 19. Nc4 Rd5 20. Be3 Bxe3 21. Rxe3 b5 22. Ncd2 Bb7 23. Rc1 Qd7 24. Rc3 Ncxe5 25. Nxe5 Rxe5 26. Qb4 Rxe3 27. fxe3 Rd8 28. Nf3 Bxf3 29. gxf3 Ne5 30. Bxb5 Qd1+ 31. Bf1 Nxf3+ 32. Kg2 Rd2+ 33. Kg3 Qe1+ 34. Kxf3 Qxf1+ 35. Ke4 Qf5# 0-1

[Event "HUN-ch U18 Girls"]
[Site "Balatonlelle"]
[Date "2016.06.28"]
[Round "5"]
[White "Fekete, Agnes"]
[Black "Egyed, Viktoria"]
[Result "1/2-1/2"]
[WhiteElo "1998"]
[BlackElo "1943"]
[PlyCount "171"]
[EventDate "2016.06.24"]
[EventType "tourn"]
[EventRounds "7"]
[EventCountry "HUN"]
[SourceTitle "CBM 173 Extra"]
[Source "ChessBase"]
[SourceDate "2016.08.29"]
[SourceVersion "1"]
[SourceVersionDate "2016.08.29"]
[SourceQuality "1"]

1. Nf3 e6 2. g3 d5 3. Bg2 c5 4. 0-0 Nc6 5. d3 Nf6 6. Nbd2 Be7 7. e4 Qc7 8. Ne1 0-0 9. c3 Rd8 10. Qe2 e5 11. h3 Be6 12. f4 exf4 13. gxf4 dxe4 14. dxe4 a6 15. e5 Nd5 16. f5 Bc8 17. c4 Nb6 18. f6 Bf8 19. Ndf3 Re8 20. fxg7 Bxg7 21. Ng5 Rxe5 22. Qh5 h6 23. Bf4 hxg5 24. Bxe5 Nxe5 25. Nf3 Nxf3+ 26. Rxf3 Nxc4 27. Qxg5 Ne5 28. Rg3 Ng6 29. Bd5 Kh7 30. Qh5+ Bh6 31. Rf3 Be6 32. Bxe6 fxe6 33. Raf1 Rf8 34. Rxf8 Qg3+ 35. Kh1 Nxf8 36. Rxf8 Qe1+ 37. Kg2 Qe4+ 38. Kg1 Qe1+ 39. Rf1 Qe3+ 40. Kh1 Qe4+ 41. Qf3 Qxf3+ 42. Rxf3 Kg6 43. Kg2 Bg7 44. b3 Bd4 45. Rf8 e5 46. Kf3 Kg5 47. Ke4 Kh4 48. Rh8+ Kg3 49. Rh7 b5 50. h4 c4 51. bxc4 bxc4 52. h5 Kg4 53. h6 Kg5 54. Rc7 Kxh6 55. Rc6+ Kg7 56. Rxa6 Kf7 57. Rc6 c3 58. Kd5 Ke7 59. a4 Kd7 60. Rc4 Ke7 61. a5 Kd8 62. a6 Kd7 63. Ra4 Ba7 64. Rc4 Bd4 65. Ke4 Kd6 66. Kd3 Ba7 67. Rxc3 Kd7 68. Rb3 Kc6 69. Ke4 Bd4 70. Ra3 Ba7 71. Kxe5 Bb8+ 72. Ke6 Kb6 73. Rb3+ Ka7 74. Kd7 Bh2 75. Kc6 Bg1 76. Kb5 Bf2 77. Rf3 Bd4 78. Rf7+ Ka8 79. a7 Bxa7 80. Ka6 Bb8 81. Kb6 Bg3 82. Rf3 Be5 83. Rf5 Bh2 84. Ra5+ Kb8 85. Rg5 Ka8 86. Ra5+ 1/2-1/2

[Event "EU-ch U18 Girls 25th"]
[Site "Porec"]
[Date "2015.09.28"]
[Round "7"]
[White "Vidic, Teja"]
[Black "Egyed, Viktoria"]
[Result "1-0"]
[WhiteElo "2096"]
[BlackElo "1928"]
[PlyCount "223"]
[EventDate "2015.09.21"]
[EventType "swiss"]
[EventRounds "9"]
[EventCountry "CRO"]
[SourceTitle "EXT 2016"]
[Source "ChessBase"]
[SourceDate "2015.10.08"]
[SourceVersion "1"]
[SourceVersionDate "2015.10.08"]
[SourceQuality "1"]

1. e4 c5 2. Nf3 e6 3. c3 Nf6 4. e5 Nd5 5. d4 cxd4 6. cxd4 Nc6 7. Bc4 d6 8. 0-0 a6 9. Bd2 Be7 10. Nc3 Nxc3 11. Bxc3 dxe5 12. dxe5 0-0 13. Qe2 Qc7 14. Qe4 g6 15. h4 b5 16. Bb3 Bb7 17. Qf4 Rfe8 18. h5 Bf8 19. Rfe1 Rad8 20. a3 a5 21. Rac1 Qd7 22. hxg6 hxg6 23. Rcd1 Qe7 24. Rc1 Qd7 25. Red1 Qe7 26. Bd2 Bg7 27. Bc2 Rd7 28. Be3 Red8 29. Rxd7 Rxd7 30. Be4 Rc7 31. Bc5 Qd7 32. Bd6 Rc8 33. Qh4 Bf8 34. Bxf8 Kxf8 35. Ng5 Nd8 36. Rxc8 Qxc8 37. Qh8+ Ke7 38. Qf6+ Ke8 39. Qh8+ Ke7 40. Bxb7 Qxb7 41. Nh7 Qc7 42. g3 Qc1+ 43. Kg2 Kd7 44. Nf6+ Kc8 45. Qf8 Qc6+ 46. Kh2 Qb6 47. Ne4 Kc7 48. Qe7+ Kb8 49. Kg1 Qc7 50. Qe8 b4 51. axb4 axb4 52. Nd6 Ka8 53. Nxf7 Qxf7 54. Qxd8+ Kb7 55. Qd6 Qf5 56. Qxb4+ Kc6 57. Qd4 Kb5 58. Kg2 g5 59. g4 Qf7 60. Qd3+ Kb4 61. Qd2+ Kb3 62. Qxg5 Kxb2 63. Qf6 Qb7+ 64. Kg3 Qb3+ 65. Qf3 Qb5 66. Qe3 Qe8 67. g5 Qg6 68. Qf4 Qd3+ 69. f3 Qf1 70. Qb4+ Kc1 71. Qc3+ Kb1 72. Qb3+ Kc1 73. Qxe6 Qg1+ 74. Kf4 Qh2+ 75. Kf5 Qg2 76. Kf4 Qh2+ 77. Ke4 Qe2+ 78. Kd4 Qd2+ 79. Kc5 Qxg5 80. Qc4+ Kb1 81. f4 Qe7+ 82. Kd4 Qd7+ 83. Ke4 Qb7+ 84. Qd5 Qh7+ 85. Ke3 Qa7+ 86. Kf3 Qg1 87. Qd3+ Ka2 88. Qe2+ Ka1 89. e6 Qh1+ 90. Ke3 Qg1+ 91. Kd3 Qb1+ 92. Kd2 Qb4+ 93. Kd3 Qb3+ 94. Kd4 Qb4+ 95. Ke5 Qb8+ 96. Kf5 Qf8+ 97. Kg4 Qg7+ 98. Kf3 Qc3+ 99. Qe3 Qc6+ 100. Kg3 Qe8 101. Qe5+ Ka2 102. f5 Qg8+ 103. Kf4 Qh7 104. Qd5+ Ka1 105. Qe5+ Ka2 106. e7 Qh4+ 107. Ke3 Qe1+ 108. Kd4 Qd2+ 109. Kc5 Qc1+ 110. Kd6 Qa3+ 111. Ke6 Qa8 112. Qd5+ 1-0

[Event "HUN-chT U18"]
[Site "Budapest"]
[Date "2015.08.28"]
[Round "4.12"]
[White "Egyed, Viktoria"]
[Black "Karacsonyi, Gellert"]
[Result "0-1"]
[WhiteElo "1980"]
[BlackElo "2013"]
[PlyCount "68"]
[EventDate "2015.08.26"]
[EventType "team-swiss"]
[EventRounds "8"]
[EventCountry "HUN"]
[SourceTitle "EXT 2016"]
[Source "ChessBase"]
[SourceDate "2015.10.08"]
[SourceVersion "1"]
[SourceVersionDate "2015.10.08"]
[SourceQuality "1"]

1. e4 e6 2. d4 d5 3. Nc3 Bb4 4. e5 c5 5. a3 Bxc3+ 6. bxc3 Ne7 7. Qg4 cxd4 8. Qxg7 Rg8 9. Qxh7 Qc7 10. Nf3 Qxc3+ 11. Nd2 Qxa1 12. Nb3 Qc3+ 13. Bd2 Qc7 14. f4 Nbc6 15. h4 Bd7 16. h5 0-0-0 17. h6 Nf5 18. Qxf7 Ng3 19. Rh3 Nxf1 20. Kxf1 Rgf8 21. Qg7 Qxe5 22. Qxe5 Nxe5 23. Ke1 Ng6 24. h7 e5 25. Rg3 Nxf4 26. Nc5 b6 27. Nxd7 Kxd7 28. Rg7+ Kc6 29. g4 Rh8 30. Bxf4 exf4 31. g5 Kd6 32. g6 Ke6 33. Rf7 Rc8 34. Rxf4 Rc7 0-1

[Event "HUN-chT U18"]
[Site "Budapest"]
[Date "2015.08.27"]
[Round "2.12"]
[White "Egyed, Viktoria"]
[Black "Bakos, Balazs1111"]
[Result "1-0"]
[WhiteElo "1980"]
[BlackElo "1769"]
[PlyCount "99"]
[EventDate "2015.08.26"]
[EventType "team-swiss"]
[EventRounds "8"]
[EventCountry "HUN"]
[SourceTitle "EXT 2016"]
[Source "ChessBase"]
[SourceDate "2015.10.08"]
[SourceVersion "1"]
[SourceVersionDate "2015.10.08"]
[SourceQuality "1"]

1. e4 c5 2. c3 d5 3. exd5 Qxd5 4. d4 Nc6 5. Nf3 Bg4 6. Be2 cxd4 7. cxd4 e6 8. Nc3 Qa5 9. 0-0 Nf6 10. h3 Bh5 11. Be3 Bd6 12. a3 0-0 13. Qb3 Ne7 14. Rfd1 a6 15. Rac1 b5 16. g4 Bg6 17. Ng5 Rfd8 18. Bf3 Rac8 19. Nge4 Nxe4 20. Nxe4 Rxc1 21. Rxc1 Bxe4 22. Bxe4 Ng6 23. Bg5 Be7 24. Bxe7 Nxe7 25. Qe3 Nd5 26. Bxd5 Rxd5 27. Rc8+ Rd8 28. b4 Qb6 29. d5 Qd6 30. Qc5 Qxc5 31. Rxd8+ Qf8 32. Rxf8+ Kxf8 33. dxe6 fxe6 34. Kg2 Ke7 35. Kf3 e5 36. Ke4 Ke6 37. h4 g6 38. f4 exf4 39. Kxf4 Kf7 40. Ke5 h6 41. Kd5 Kf6 42. Kc5 h5 43. gxh5 gxh5 44. Kb6 Kf5 45. Kxa6 Kg4 46. Kxb5 Kxh4 47. a4 Kg3 48. a5 h4 49. a6 h3 50. a7 1-0

[Event "HUN-chT U18"]
[Site "Budapest"]
[Date "2015.08.26"]
[Round "1.30"]
[White "Ori, Akos Bendeguz"]
[Black "Egyed, Viktoria"]
[Result "0-1"]
[WhiteElo "1329"]
[BlackElo "1980"]
[PlyCount "50"]
[EventDate "2015.08.26"]
[EventType "team-swiss"]
[EventRounds "8"]
[EventCountry "HUN"]
[SourceTitle "EXT 2016"]
[Source "ChessBase"]
[SourceDate "2015.10.08"]
[SourceVersion "1"]
[SourceVersionDate "2015.10.08"]
[SourceQuality "1"]

1. e4 c5 2. Nf3 e6 3. d4 cxd4 4. Nxd4 a6 5. a4 Qc7 6. Nc3 Nf6 7. f3 Bb4 8. Bd2 0-0 9. Bd3 Nc6 10. Nxc6 bxc6 11. 0-0 Bc5+ 12. Kh1 d5 13. exd5 cxd5 14. Ne2 Bd6 15. f4 Bb7 16. Rc1 Qc6 17. Rf3 e5 18. c4 e4 19. cxd5 Qd7 20. Bxe4 Nxe4 21. Ng3 Nxd2 22. Qxd2 Rac8 23. Rxc8 Rxc8 24. Ne4 Qxa4 25. Nxd6 Qa1+ 0-1

[Event "HUN-ch U18 Girls"]
[Site "Balatonlelle"]
[Date "2015.06.21"]
[Round "4"]
[White "Egyed, Viktoria"]
[Black "Fekete, Agnes"]
[Result "1/2-1/2"]
[WhiteElo "1975"]
[BlackElo "1802"]
[PlyCount "98"]
[EventDate "2015.06.18"]
[EventType "tourn"]
[EventRounds "7"]
[EventCountry "HUN"]
[SourceTitle "CBM 167 Extra"]
[Source "ChessBase"]
[SourceDate "2015.09.14"]
[SourceVersion "1"]
[SourceVersionDate "2015.09.14"]
[SourceQuality "1"]

1. e4 c5 2. c3 d5 3. exd5 Qxd5 4. d4 Nc6 5. Nf3 Nf6 6. Be2 cxd4 7. cxd4 e6 8. Nc3 Qd8 9. 0-0 Be7 10. Be3 0-0 11. Qd2 a6 12. a4 Bd7 13. Rfd1 Rc8 14. d5 exd5 15. Nxd5 Nxd5 16. Qxd5 Be6 17. Qh5 Qa5 18. Ng5 Bxg5 19. Bxg5 Qe5 20. Bc1 f5 21. Ra3 Nd4 22. Re3 Qc5 23. Rh3 Nxe2+ 24. Qxe2 Rf6 25. Bg5 Rg6 26. Rc3 Bc4 27. Qd2 h6 28. Be3 Qc6 29. g3 Qe6 30. Rdc1 Rc6 31. Re1 Qd5 32. Qxd5+ Bxd5 33. Bd4 Rxc3 34. Bxc3 Re6 35. Rxe6 Bxe6 36. Kg2 Kf7 37. Kf3 g5 38. h3 Bb3 39. a5 Ke6 40. h4 Bd1+ 41. Ke3 gxh4 42. gxh4 Kf7 43. Kf4 Kg6 44. Be5 Be2 45. Bd6 Bd3 46. Ke5 Kh5 47. Be7 Kg4 48. f4 h5 49. Bg5 Be4 1/2-1/2

[Event "HUN-chT2 Toth 1415"]
[Site "Hungary"]
[Date "2015.02.08"]
[Round "8.7"]
[White "Egyed, Viktoria"]
[Black "Mocza, Attila"]
[Result "1/2-1/2"]
[WhiteElo "1851"]
[BlackElo "1917"]
[PlyCount "20"]
[EventDate "2014.09.07"]
[EventType "team-tourn"]
[EventRounds "11"]
[EventCountry "HUN"]
[SourceTitle "EXT 2016"]
[Source "ChessBase"]
[SourceDate "2015.10.08"]
[SourceVersion "1"]
[SourceVersionDate "2015.10.08"]
[SourceQuality "1"]
[WhiteTeam "Karcag"]
[BlackTeam "Toth Laszlo"]
[WhiteTeamCountry "HUN"]
[BlackTeamCountry "HUN"]

1. e4 d5 2. exd5 Nf6 3. Nf3 Nxd5 4. d4 Bg4 5. h3 Bh5 6. Be2 e6 7. 0-0 Be7 8. c3 0-0 9. Nbd2 Nc6 10. Ne4 a6 1/2-1/2

[Event "World ol U16"]
[Site "Gyor"]
[Date "2014.12.20"]
[Round "9.1"]
[White "Csuta, Akos Koppany"]
[Black "Egyed, Viktoria"]
[Result "1/2-1/2"]
[WhiteElo "2027"]
[BlackElo "1990"]
[PlyCount "61"]
[EventDate "2014.12.13"]
[EventType "team-swiss"]
[EventRounds "10"]
[EventCountry "HUN"]
[SourceTitle "EXT 2016"]
[Source "ChessBase"]
[SourceDate "2015.10.08"]
[SourceVersion "1"]
[SourceVersionDate "2015.10.08"]
[SourceQuality "1"]
[WhiteTeam "Gyor"]
[BlackTeam "Hungary Girls"]
[WhiteTeamCountry "HUN"]
[BlackTeamCountry "HUN"]

1. e4 c5 2. Nf3 e6 3. c3 d5 4. exd5 Qxd5 5. d4 Nf6 6. Nbd2 Nc6 7. Bc4 Qd8 8. Nb3 cxd4 9. Nfxd4 Bd7 10. 0-0 Be7 11. Nxc6 Bxc6 12. Nd4 Qb6 13. Qe2 Bd5 14. Be3 0-0 15. Nf5 Qc7 16. Nxe7+ Qxe7 17. Bg5 Bxc4 18. Qxc4 h6 19. Bxf6 Qxf6 20. Rad1 Rfd8 21. Qa4 Qe7 22. g3 a6 23. Rxd8+ Rxd8 24. Rd1 g6 25. h4 Rd6 26. Rd4 Qd8 27. Rxd6 Qxd6 28. Qe4 b5 29. Qc2 Qd5 30. a4 Kg7 31. axb5 1/2-1/2

[Event "HUN-chT2 Toth 1415"]
[Site "Hungary"]
[Date "2014.12.14"]
[Round "6.6"]
[White "Kovacs, Arthur"]
[Black "Egyed, Viktoria"]
[Result "0-1"]
[WhiteElo "2007"]
[BlackElo "1851"]
[PlyCount "52"]
[EventDate "2014.09.07"]
[EventType "team-tourn"]
[EventRounds "11"]
[EventCountry "HUN"]
[SourceTitle "EXT 2016"]
[Source "ChessBase"]
[SourceDate "2015.10.08"]
[SourceVersion "1"]
[SourceVersionDate "2015.10.08"]
[SourceQuality "1"]
[WhiteTeam "Mako II"]
[BlackTeam "Karcag"]
[WhiteTeamCountry "HUN"]
[BlackTeamCountry "HUN"]

1. d4 Nf6 2. Nf3 g6 3. c4 Bg7 4. Nc3 0-0 5. e4 d6 6. Be2 e5 7. dxe5 dxe5 8. Qxd8 Rxd8 9. Bg5 c6 10. Nxe5 Re8 11. f4 Na6 12. 0-0-0 Nc5 13. Bf3 Nfxe4 14. Nxe4 Nxe4 15. Bxe4 f6 16. Bxf6 Bxf6 17. Rhe1 Be6 18. b3 a5 19. Rd6 Be7 20. Rdd1 a4 21. Bc2 axb3 22. axb3 Bb4 23. Re3 Ra2 24. g4 Rea8 25. Red3 Ra1+ 26. Bb1 R8a2 0-1